Score 0/20 Timer 10:00
4 Plays Today
% Correct
Two and a Half Men
98.2%
Everybody Loves Raymond
93.1%
2 Broke Girls
86.2%
Gilligan's Island
83.1%
Hawaii Five-0
77.4%
Mike & Molly
77.3%
Walker, Texas Ranger
77.2%
The Good Wife
71.8%
Murder, She Wrote
71.4%
The Andy Griffith Show
69.3%
% Correct
Magnum, P.I.
67.8%
The Beverly Hillbillies
66.2%
Criminal Minds
64.7%
CSI: NY
61%
NCIS: Los Angeles
52.4%
Ghost Whisperer
50%
Maude
47%
WKRP in Cincinnati
45.1%
Rules of Engagement
43.7%
Person of Interest
42.6%
Remove Ads.
Support Sporcle.
Get the best of Sporcle when you Go Orange. This ad-free experience offers more features, more stats, and more fun while also helping to support Sporcle. Thank you for becoming a member.

You're not logged in!

Compare scores with friends on all Sporcle quizzes.
OR
Log In

Sporcle TV

Today on Sporcle TV


Watch our educational content, quiz creation guides, and fun videos on Sporcle TV.

Show Comments

Extras

Top Quizzes Today


Score Distribution

Paid Content

Your Account Isn't Verified!

In order to create a playlist on Sporcle, you need to verify the email address you used during registration. Go to your Sporcle Settings to finish the process.

Report this User

Report this user for behavior that violates our Community Guidelines.

Details: